000 00572cam a22001697a 4500
008 180718b2010 xxu||||| |||| 00| 0 eng d
020 _a9788125038641
082 _aT421x54 K287
245 _aWorld bank in India : undermining sovereignty, distorting development
_cedited by Michele Kelley and Deepika D' Souza
260 _aNew Delhi
_bOrient
_c2010
300 _a507p.
650 _aIndia --Economic conditions --1991-
650 _aEconomic assistance --India --Evaluation
650 _aWorld Bank --India
700 _aD'souza, Deepika
700 _aKelley, Michele
999 _c443536
_d443536